Femmes hors du commun - Statistiques

Statistiques générales
  • Ce quiz a été pris 24 fois
  • Le résultat moyen est 8 sur 40
Statistiques - réponses
Prénom Initiales Dates Présentation Je suis... % Correct
Irène IJC Fille de deux Prix Nobel, j'accompagne sa mère sur le front pendant la 1ère Guerre mondiale. Douée pour la recherche, j'épouse le physicien et chimiste Frédéric Joliot. En 1936, je reçois avec lui le Prix Nobel de chimie Irène Joliot-Curie
77%
Marie MC 1867-1934 Je nais en Pologne mais j'arrive à Paris en 1891. J'obtiens mes licences de physique et de mathématiques. Je fais la connaissance d'un physicien français que j'épouse. En 1903, nous recevons ensemble le Prix Nobel de Physique. Je reçois celui de chimie en 1911. Marie Curie
77%
Simone SV 1927-2017 Née sous le nom de Jacob, je suis déportée pendant la 2e Guerre mondiale. La paix revenue, je deviens magistrate. En 1974, je suis nommée ministre de la Santé. Je fais faire une grande avancée aux droits des femmes en faisant légaliser l'avortement. Je suis connue sous le nom de mon mari. Simone Veil
77%
Edith EC 1934- Je suis connue sur le nom de mon mari. Après la 2e Guerre mondiale, j'étudie à HEC. Je m'engage en politique en 1953 et je me rapproche peu à peu de François Mitterrand. En 1991, après avoir été plusieurs fois ministre, je suis nommée Premier ministre. Edith Cresson
64%
Olympe ODG 1748-1793 Je nais à Montauban. Passionnée de politique, je défends la cause des femmes. J'écris la Déclaration des droits de la Femme. Je suis guillotinée pendant la Terreur Olympe de Gouges
64%
Marguerite MY 1903-1987 Je suis Française bien que née en Belgique. Je perds ma mère alors que je n'ai que 18 jours. Je voyage beaucoup. Mon premier roman parait en 1829 sous pseudonyme. En1980, je suis élue à l'Académie française Marguerite Yourcenar
59%
Annie AE 1940- Je suis connue sous le nom de mon mari. Normande, je deviens professeur. Je publie mon premier livre en1974. En 2022, je reçois le Prix Nobel de littérature Annie Ernaux
41%
Françoise FD 1908-1988 Je suis connue sous le nom de mon mari. Elle est marquée par les deuils qui se succèdent pendant sa jeunesse. Elle passe son baccalauréat contre l'avis de sa mère puis devient infirmière et psychanalyste. Elle dédie sa carrière aux enfants. Françoise Dolto
41%
Jehanne JDA V. 1412-1431 Je suis née en Lorraine. Je suis la première Française connue pour avoir commandé une armée. Je disais entendre des voix. Je suis morte sur le bûcher. Jehanne d'Arc
41%
Marie MDF V. 1160-1210 Je suis la première femme à écrire en langue vulgaire en occident. Mes récits en vers en langue d'oïl connaissent un grand succès. Marie de France
32%
Elisabeth EVLB 1755-1842 Je suis la fille d'un pastelliste qui découvre mon talent et me donne mes 1ères leçons. Je me forme surtout au Louvre en copiant les oeuvres. J'épouse un marchand d'art. Je suis connue pour mes portraits de la famille royale. J'entre à l'Académie de peinture en 1783. Elisabeth Vigée Le Brun
27%
Tonie TM 1951- Je suis la fille de l'actrice Micheline Presle et de William Marshall, réalisateur. Je me fais connaitre sous un pseudonyme comme comédienne. Je passe à la réalisation en 1990. Je suis la seule femme à avoir obtenu un César de la meilleure réalisation. Tonie Marshall
27%
Alice AG 1873-1968 Je me destine à devenir secrétaire. Mais j'ai la chance de rencontrer Léon Gaumont. Je m'intéresse à la photographie puis au cinéma et pour aider celui ci à vendre son appareil, concurrent de celui des Lumière, je réalise mes 1ers films. Je suis la 1ère réalisatrice. Alice Guy
23%
Emilie EDC 1706-1749 Je suis connue sous le nom de mon mari. Douée pour les mathématiques et la physique, je rencontre Voltaire dont je devient l'amie. Je meurs en couche dix ans après avoir publié en Mémoire sur la nature du feu, sous un pseudonyme masculin Emilie du Châtelet
14%
Barbe BC 1777-1866 Je suis veuve à 27 ans et je prends la charge de la maison de champagne de mon défunt mari. J'invente le procédé de la table de remuage. A ma mort la maison expédie 750000 bouteilles par an. Barbe Clicquot
9%
Catherine CD 1630-1698 Je suis fille d'un peintre. J'épouse le sculpteur François Girardon.Peintre moi-même, je suis reçue à l'Académie royale de peinture et de sculpture en 1663 selon le voeu de Louis XIV qui la voulait ouverte aux femmes. Je suis la 1ère, mais peu suivront. Catherine Duchemin
9%
Christine CJ 1957- Je suis docteur en médecine. En 1990, je suis la 1ère Française à atteindre le sommet de l'Everest. En 1997, je parcours l'Arctique à ski et je suis la deuxième femme du monde à atteindre le pôle Nord sans moyens mécaniques et la première sans chiens de traineaux. Christine Janin
9%
Hubertine HA 1848-1914 Fille d'un fermier républicain, j'envisage d'abord de devenir moniale. Mais je suis jugée trop indépendante. Indépendante financière après avoir hérité, je me lance dans le combat pour les droits des femmes. Pour faire connaitre mes idées je deviens journaliste. Hubertine Auclert
9%
Jeanne JC 1862-1926 Fille de notaire, brillante étudiante, je fais des études de droit. Je suis la 1ère Française à soutenir mon doctorat en 1892. Je deviens aussi la 1ère avocate en 1900. Jeanne Chauvin
9%
Sophie SG 1776-1831 Fille de commerçant, je me montre très tôt doué pour les mathématiques, la physique puis la philosophie. Je correspond avec les grands savants de mon temps. J'édicte un théorème dans le domaine de la théorie des nombres. Sophie Germain
9%
Anne AC 1953- Fille d'ingénieur, je suis une des sept premières femmes à intégrer l'Ecole polytechnique en 1972. Je suis la 1ère femme major d'entrée de cette école. Anne Chopinet
5%
Anne ADRDM 1847-1933 Je suis née dans une vieille famille et j'épouse le duc de Crussol en 1872. Veuve en 1878, je m'intéresse au progrès et en particulier aux automobiles. Si je ne suis pas la première à conduire, je suis la première à obtenir l'ancêtre du permis de conduire. Anne de Rochechouart de Mortemart
5%
Caroline CR 1855-1929 Je fais la connaissance de Jules Vallès, exilé à Bruxelles, en 1879 : je deviens sa secrétaire et je m'initie au socialisme et au journalisme. J'écris sous le pseudonyme de Séverine, assumant ma féminité. Caroline Rémy
5%
Cécile CB 1877-1946 Je suis connue sous le nom de mon mari, un philosophe féministe qui milite pour les droits des femmes.Je m'engage en politique au Parti Radical dans les années 1920. Alors que les femmes n'ont pas le droit de vote, je deviens sous-secrétaire d'Etat à l'Education nationale en 1936. Cécile Brunschvicg
5%
Charlotte CBL 1900-1993 Je suis connue sous le double nom de mon père et de mon mari. J'obtiens ma licence en droit en 1922. Trois ans plus tard, je suis docteur en droit. Obstinée, j'obtiens l'agrégation de droit en 1931. Puis j'enseigne à Rennes jusqu'en 1944. En 1946, la magistrature s'ouvre aux femmes et je suis la première nommée. Charlotte Béquignon-Lagarde
5%
Christine CDP V. 1364-1430 Je suis la première femme à vivre de ma plume. Fille d'un médecin, j'arrive à Paris à l'âge de 4 ans. Je publie des écrits poétiques et philosophiques. Christine de Pizan
5%
Claudie CH 1957- Je suis connue sous le nom de mon mari. Médecin, je me spécialise en médecine aéronautique. En 1996, après 11 ans de sélection, je vole 16 jours à bord de la capsule orbitale russe Mir. Claudie Haigneré
5%
Germaine GPC 1901-1981 Comme la plupart des femmes engagées de ma génération, je me fais appeler sous le double nom de mon mari et de mon père. Je devient avocate au barreau de Marseille en 1921. Féministe, je m'en en politique puis dans la Résistance. En 1947, je deviens la 1ère Française à porter le titre de ministre. Germaine Poinso-Chapuis
5%
Jacqueline JD 1958- Je suis les cours de l'Ecole Polytechnique dont je sors major. Engagée par la compagnie Air Inter comme copilote, je dois payer une forte somme pour être autorisée à effectuer le dernier stage qui me permet de devenir la 1ère Française pilote de ligne. Jacqueline Dubut
5%
Julie-Victoire JVD 1824-1874 Je suis issue de la petite bourgeoisie, je me mettre douée pour les études. Je deviens institutrice. En 1861, après en avoir fait plusieurs fois la demande, je suis autorisée à passer le baccalauréat que j'obtiens. Je deviens la 1ère bachelière puis la 1ère licenciée ès Lettres. Julie-Victoire Daubié
5%
Madeleine MB 1842-1921 Je suis connue sous le nom de mon mari. Passionnée par la médecine dès mon plus jeune âge, j'obtiens le baccalauréat puis, grâce l'intervention de l'impératrice Eugénie, je peux présenter ma thèse en médecine et suis reçue docteur en 1875. Madeleine Brès
5%
Marguerite MB 1893-1983 Je suis la fille d'un professeur de jeu de paume. En grandissant, j'apprends le tennis. Je suis autorisée à participer aux Jeux Olympiques de 1912 et j'obtiens le titre en simple dame et une médaille de bronze en double mixte. Marguerite Broquedis
5%
Marguerite MD 1864-1936 Je deviens comédienne au Théâtre français mais je quitte la scène après mon mariage. J'écris de nombreux articles en faveur des droits des femmes et des animaux. Je participe à la fondation du cimetière des animaux d'Asnières. Marguerite Durand
5%
Raymonde RDL 1882-1919 Je me fais connaitre sous un pseudonyme mais je me nomme Elisa Deroche. En 1910, je suis la 1ère femme du monde à obtenir mon brevet de pilote. Raymonde de Laroche
5%
Suzanne SL 1875-1975 Je suis institutrice quand je rejoins en 1906 la SFIO, le parti socialiste. Je commence à écrire dans des journaux locaux.Alors que les femmes n'ont pas le droit de vote, je deviens sous-secrétaire d'Etat à la Santé publique chargée de la protection de l'enfance en 1936. Suzanne Lacore
5%
Sophie SB 1961- Je suis la fille du fondateur de Sodexo, que je rejoins en 1994.Cette entreprise appartient au CAC 40. J'en deviens présidente en 2016 et suis la 1ère femme à diriger une des 40 principales sociétés françaises. Valérie Bellon
5%
Blanche BEP 1858-1941 Fille d'un médecin anglais et d'une Française, je m'inscris en faculté de médecine à 19 ans. En 1881, je deviens la 1ère femme externe. Mais atteinte par la limite d'âge, je ne peux être nommé interne à titre définitif. Je suis connue sous le double nom de mon père et de mon mari. Blanche Edwards-Pilliet
0%
Madeleine ML 1478-1543 Je suis formée à la finance par mon père. A 24 ans, je quitte mon mari pour m'installer à Marseille où j'investis dans la marine marchande. A 40 ans je deviens banquière. C'est le 1er exemple de réussite d'une femme dans les affaires. Madeleine Lartessuti
0%
Thérèse TP 1873-1926 Je suis connue sous le nom de mon mari, un médecin. Douée pour les arts, je m'adonne à la sculpture. Amie d'enfance de Léon Delagrange, un des pionniers de l'aviation, je me passionne pour ce nouveau mode de transport. En juillet 1908, je suis la 1ère femme à voler. Deux mois plus tard, je suis la 1ère à décoller seule. Thérèse Peltier
0%
Valérie VA 1922- Je prends mes 1ers cours de pilotage peu avant la 2de Guerre mondiale. Etudiante alsacienne, j'entre dans la clandestinité et dans la Résistance pour échapper aux Allemands. Devenue médecin, elle rejoint les armées et sert en Indochine. Elle devient également pilote. En avril 1976, elle est promue médecin-général. Valérie André
0%
Aucun quiz correspondant
Distribution des résultats
% des personnes avec chaque résultat
Percentile par nombre de réponses
Votre historique - résultats
Vous n’avez pas pris ce quiz